Loading...
| History - European | 0 | 8 | 0 | 2 | 80 | 99 | 127.25 | 0 | 1 | 9.90 | 37.00 |
| History - Other | 0 | 7 | 2 | 3 | 60 | 97 | 120.71 | 0 | 1 | 9.42 | 24.80 |
| History - American | 1 | 4 | 0 | 1 | 55 | 86 | 118.20 | 0 | 1 | 6.07 | 20.51 |
| Modern World | 1 | 2 | 0 | 1 | 35 | 49 | 106.67 | 1 | 1 | 15.77 | 30.24 |
| History - World | 0 | 5 | 4 | 2 | 30 | 95 | 121.60 | 0 | 0 | 5.37 | 17.12 |
| Social Science | 0 | 3 | 0 | 1 | 30 | 117 | 127.67 | 0 | 0 | 2.65 | 6.47 |
| Religion | 0 | 3 | 0 | 2 | 30 | 133 | 141.00 | 0 | 1 | 0.24 | 9.52 |
| Philosophy | 0 | 2 | 0 | 0 | 20 | 129 | 134.00 | 0 | 0 | 1.02 | 3.72 |
| Other Academic | 0 | 2 | 1 | 0 | 15 | 95 | 103.50 | 0 | 0 | 8.74 | 18.32 |
| Fine Arts - Painting and Sculpture | 0 | 1 | 0 | 1 | 10 | 106 | 106.00 | 0 | 1 | 1.74 | 7.18 |
| Geography | 0 | 1 | 0 | 1 | 10 | 144 | 144.00 | 0 | 0 | 0.17 | 6.67 |
| Literature - European | 0 | 1 | 0 | 0 | 10 | 160 | 160.00 | 0 | 0 | 0.05 | 1.03 |
| Mythology | 0 | 1 | 0 | 1 | 10 | 154 | 154.00 | 0 | 0 | 0.00 | 2.78 |
| Literature - British | 0 | 1 | 1 | 1 | 5 | 151 | 151.00 | 0 | 0 | 0.05 | 2.05 |
| Literature - World | 0 | 0 | 0 | 0 | 0 | 0.00 | 0 | 0 | 0.00 | 0.00 | |
| Science - Physics | 0 | 0 | 0 | 0 | 0 | 0.00 | 0 | 0 | 0.00 | 0.00 | |
| Other Culture | 0 | 0 | 1 | 0 | -5 | 0.00 | 0 | 0 | 0.00 | 0.00 |